[Event "Team men HL chess"]
[Site "?"]
[Date "2015.05.02"]
[Round "2.9"]
[White "Movldiev, Ibragim"]
[Black "Pogosian, Georgy"]
[Result "0-1"]
[WhiteElo "2054"]
[BlackElo "2232"]
[PlyCount "78"]
[EventDate "2015.05.01"]

1. e4 e6 2. d4 d5 3. Nc3 Nf6 4. e5 Nfd7 5. f4 c5 6. Nf3 Nc6 7. Be3 Qb6 8. a3
cxd4 9. Nxd4 Nxd4 10. Bxd4 Bc5 11. Nb5 O-O 12. b4 Bxd4 13. Qxd4 Qc6 14. Bd3 f6
15. c4 fxe5 16. fxe5 dxc4 17. Bxc4 Nxe5 18. Be2 Ng6 19. Rf1 Bd7 20. Rd1 Rxf1+
21. Kxf1 Rf8+ 22. Kg1 Nf4 23. Bf1 Qd5 24. Qa1 Nh3+ 25. gxh3 Rxf1+ 26. Rxf1 Bc6
27. Rf8+ Kxf8 28. Qf1+ Ke7 29. Nxa7 Qh1+ 30. Kf2 Qf3+ 31. Kg1 Qh1+ 32. Kf2
Qxh2+ 33. Ke1 Qe5+ 34. Qe2 Qxe2+ 35. Kxe2 Bd7 36. Kd3 g5 37. Kd4 Kd6 38. b5 e5+
39. Ke4 Bxh3 0-1

[Event "Team men HL chess"]
[Site "?"]
[Date "2015.05.02"]
[Round "2.10"]
[White "Ponomarenko, Alexandr"]
[Black "Golubov, Saveliy"]
[Result "0-1"]
[WhiteElo "2234"]
[BlackElo "2370"]
[PlyCount "82"]
[EventDate "2015.05.01"]

1. e4 c5 2. Nf3 e6 3. c3 Nf6 4. d3 Nc6 5. Be2 d5 6. Nbd2 Be7 7. O-O O-O 8. Re1
b5 9. exd5 exd5 10. d4 Qb6 11. Nf1 Ne4 12. Be3 c4 13. Ng3 f5 14. Nxe4 fxe4 15.
Ne5 Bd6 16. Bg4 Qc7 17. f4 Bxe5 18. dxe5 Ne7 19. Bxc8 Raxc8 20. Qe2 a5 21. a3
Qd7 22. Rad1 Qe6 23. Rd2 g5 24. fxg5 Qxe5 25. Qg4 Rf5 26. Bd4 Qe6 27. h3 Rc6
28. Qg3 Qd6 29. Qxd6 Rxd6 30. Bc5 Re6 31. Bxe7 Rxe7 32. h4 Kg7 33. Rf2 Ref7 34.
Ref1 Rxf2 35. Rxf2 Rxf2 36. Kxf2 d4 37. cxd4 b4 38. axb4 axb4 39. d5 c3 40.
bxc3 b3 41. d6 Kf8 0-1

[Event "Team men HL chess"]
[Site "?"]
[Date "2015.05.02"]
[Round "2.10"]
[White "Konaplev, Anton"]
[Black "Dulenko, Maxim"]
[Result "1-0"]
[WhiteElo "2294"]
[BlackElo "2140"]
[PlyCount "65"]
[EventDate "2015.05.01"]

1. c4 e5 2. g3 Nf6 3. Bg2 c6 4. d4 d6 5. Nc3 Be7 6. e4 Qc7 7. Nge2 O-O 8. O-O
h6 9. h3 exd4 10. Nxd4 Be6 11. Qe2 Qc8 12. Kh2 c5 13. Nf5 Bxf5 14. exf5 Re8 15.
Be3 Nc6 16. g4 Bd8 17. Rad1 a6 18. Kh1 Qc7 19. Qd2 Ne5 20. b3 Be7 21. Bf4 Rab8
22. Bh2 Bf8 23. f4 Nc6 24. g5 Nd7 25. Rg1 hxg5 26. fxg5 Nde5 27. g6 Qd7 28. Qg5
Be7 29. Qh5 Bf6 30. Nd5 fxg6 31. fxg6 Nxg6 32. Nxf6+ gxf6 33. Qxg6+ 1-0

[Event "Team men HL chess"]
[Site "?"]
[Date "2015.05.02"]
[Round "2.10"]
[White "Zherebtsova, Alexandra"]
[Black "Khoroshilov, Nikita"]
[Result "1/2-1/2"]
[WhiteElo "2184"]
[BlackElo "2263"]
[PlyCount "94"]
[EventDate "2015.05.01"]

1. d4 g6 2. Nf3 Nf6 3. g3 Bg7 4. Bg2 d6 5. c4 O-O 6. Nc3 Nc6 7. O-O a6 8. Qd3
Bd7 9. e4 e5 10. dxe5 dxe5 11. h3 Qc8 12. Kh2 Rd8 13. Nd5 Nxd5 14. cxd5 Nd4 15.
Nxd4 exd4 16. a4 c5 17. dxc6 Bxc6 18. Bg5 Re8 19. Bd2 Qd7 20. b3 b5 21. a5 b4
22. Rfe1 Bb5 23. Qf3 d3 24. e5 Rac8 25. Qf4 Rc5 26. Qxb4 Rcxe5 27. Rxe5 Rxe5
28. Rd1 h5 29. Be3 Qe6 30. h4 Qf5 31. Qd2 Re8 32. Bf1 Rd8 33. Bb6 Rd6 34. Rc1
Kh7 35. Be3 Qd5 36. b4 Bc6 37. Bh3 Qf3 38. Rg1 Bb5 39. Re1 Qc6 40. Bc5 Rd8 41.
Bf1 Re8 42. Bg2 Qd7 43. Be3 Qg4 44. Bf1 Be5 45. f4 Bd6 46. Bh3 Qf3 47. Bg2 Qg4
1/2-1/2

[Event "Team men HL chess"]
[Site "?"]
[Date "2015.05.02"]
[Round "2.10"]
[White "Ananikian, Andrey"]
[Black "Kayukov, Kirill"]
[Result "0-1"]
[WhiteElo "2118"]
[BlackElo "2071"]
[PlyCount "146"]
[EventDate "2015.05.01"]

1. d4 d5 2. Nf3 e6 3. e3 f5 4. c4 c6 5. Bd3 Nf6 6. Nc3 Be7 7. O-O O-O 8. Bd2
Bd7 9. Ne5 Be8 10. Qb3 Nbd7 11. cxd5 cxd5 12. Nxd7 Nxd7 13. Rac1 Nb6 14. Nb5
Bc6 15. Ba5 Qb8 16. a3 Bd8 17. Bb4 Rf6 18. Bd6 Qc8 19. Be5 Rg6 20. f3 Qd7 21.
Nc3 Rc8 22. e4 dxe4 23. fxe4 Bg5 24. Rce1 Bd2 25. Re2 Bxc3 26. bxc3 fxe4 27.
Bxe4 Bxe4 28. Rxe4 Qd5 29. Qxd5 Nxd5 30. c4 Rxc4 31. Bd6 Rc8 32. Rfe1 Kf7 33.
Rb1 b6 34. Re2 Rf6 35. Be5 Rf5 36. h3 h5 37. Kh2 g5 38. Ra1 Rc3 39. a4 a6 40.
Raa2 Ne3 41. Ra1 g4 42. hxg4 hxg4 43. Kg1 Nc4 44. Re4 g3 45. Bb8 Nb2 46. Rg4
Nxa4 47. d5 Nc5 48. dxe6+ Nxe6 49. Bxg3 a5 50. Bf2 Nf4 51. Re1 Rc2 52. Bh4 Rc1
53. Kh2 Rxe1 54. Bxe1 Ke6 55. g3 Nd3 56. Bc3 Rf2+ 57. Kg1 Rc2 58. Re4+ Kf5 59.
Rc4 Nc5 60. Rf4+ Ke6 61. Bd4 Kd5 62. Bf6 Ne4 63. Bd8 Rc6 64. g4 a4 65. Rf5+ Kc4
66. Be7 Re6 67. Bf8 b5 68. g5 b4 69. Ra5 Nc3 70. Bg7 a3 71. Bf8 a2 72. Kf2 Re5
73. Ra6 Rf5+ 0-1

[Event "Team men HL chess"]
[Site "?"]
[Date "2015.05.03"]
[Round "3.1"]
[White "Kiriakov, Petr"]
[Black "Sychev, Klementy"]
[Result "1-0"]
[WhiteElo "2535"]
[BlackElo "2425"]
[PlyCount "79"]
[EventDate "2015.05.01"]

1. d4 Nf6 2. c4 c5 3. d5 e6 4. Nc3 exd5 5. cxd5 d6 6. e4 g6 7. h3 Bg7 8. Nf3
O-O 9. Bd3 b5 10. Nxb5 Nxe4 11. Bxe4 Re8 12. Ng5 Qa5+ 13. Nc3 Ba6 14. f3 Nd7
15. Kf2 Rab8 16. g4 h6 17. Nxf7 Kxf7 18. Qc2 Kg8 19. Bxg6 Rf8 20. Bf5 Ne5 21.
f4 Nc4 22. Kg3 Kh8 23. a3 Rxf5 24. gxf5 Rg8 25. Kh2 Ne5 26. Qd1 Nd3 27. Rg1
Bxc3 28. Rxg8+ Kxg8 29. bxc3 Qxc3 30. Rb1 Kf7 31. Qh5+ Ke7 32. Qe2+ Ne5 33. Bb2
Qb3 34. Qxa6 Qc2+ 35. Kg3 Qxb1 36. f6+ Kd8 37. fxe5 Qg1+ 38. Kf3 Qh1+ 39. Ke2
Qg2+ 40. Ke1 1-0

[Event "Team men HL chess"]
[Site "?"]
[Date "2015.05.03"]
[Round "3.1"]
[White "Glek, Igor"]
[Black "Zablotsky, Sergei"]
[Result "0-1"]
[WhiteElo "2417"]
[BlackElo "2525"]
[PlyCount "104"]
[EventDate "2015.05.01"]

1. e4 c5 2. Nf3 e6 3. d3 Nc6 4. g3 g6 5. Bg5 f6 6. Bd2 d5 7. Bg2 Nge7 8. O-O
Bg7 9. a3 O-O 10. Re1 e5 11. b4 dxe4 12. dxe4 Bg4 13. c3 Be6 14. Qe2 a6 15. Be3
c4 16. Rd1 Qc7 17. a4 b5 18. Na3 Rab8 19. Bc5 Rfd8 20. Rxd8+ Nxd8 21. Rd1 Nf7
22. Qf1 Nc6 23. Bh3 Ncd8 24. Bxe6 Nxe6 25. Rd5 Qc6 26. Qd1 Nxc5 27. axb5 axb5
28. Rxc5 Qxe4 29. Rd5 Ra8 30. Nc2 Bh6 31. h4 Qg4 32. Rd7 Qe6 33. Nh2 f5 34. Nf1
f4 35. Qd5 Qxd5 36. Rxd5 Ra2 37. Ne1 e4 38. gxf4 Bxf4 39. Ng2 Be5 40. Rxb5 Bxc3
41. Rb8+ Kg7 42. Rb7 Be5 43. Nge3 c3 44. Rb5 Bd4 45. Rb7 c2 46. Rc7 Bxe3 47.
fxe3 Kf6 48. b5 Ne5 49. b6 Nf3+ 50. Kh1 Ra1 51. Rxc2 Rxf1+ 52. Kg2 Rb1 0-1

[Event "Team men HL chess"]
[Site "?"]
[Date "2015.05.03"]
[Round "3.1"]
[White "Bocharov, Ivan"]
[Black "Alikulov, Elbek"]
[Result "1/2-1/2"]
[WhiteElo "2489"]
[BlackElo "2407"]
[PlyCount "152"]
[EventDate "2015.05.01"]

1. f4 c5 2. Nf3 Nc6 3. g3 g6 4. Bg2 Bg7 5. O-O d6 6. e4 e6 7. c3 Nge7 8. d3 O-O
9. Be3 b6 10. d4 Ba6 11. Rf2 cxd4 12. Nxd4 Rc8 13. Nxc6 Rxc6 14. Rd2 Qb8 15. a4
d5 16. Na3 dxe4 17. Bxe4 Rcc8 18. Nb5 Nf5 19. Bf2 Rfd8 20. Rd7 Bxb5 21. axb5
Nd6 22. Rxd8+ Rxd8 23. Bc6 Ne4 24. Qe2 Nxf2 25. Kxf2 h5 26. Rd1 h4 27. Kg2 Rd6
28. Be4 hxg3 29. hxg3 Bf8 30. Kh3 Qd8 31. Rxd6 Qxd6 32. Bf3 Qc5 33. Kg2 g5 34.
Bc6 gxf4 35. Qg4+ Bg7 36. Qxf4 Qh5 37. Qd2 Be5 38. Qe3 Bd6 39. Qf3 Qg5 40. Be8
f5 41. Qd3 Qe7 42. Bc6 Kf7 43. Qd4 Qf8 44. Bf3 Ke7 45. Qa4 Qg8 46. g4 Kf6 47.
Kf1 Qg5 48. Qd4+ Ke7 49. gxf5 exf5 50. Ke2 Qg3 51. Qf2 Qg8 52. Qh4+ Kd7 53. Kd3
f4 54. Qh5 Ke7 55. Bd5 Qg7 56. Kc4 Kd8 57. Bf3 Be5 58. Qf5 Qe7 59. Kb3 Qd6 60.
Qf7 Qd7 61. Qg8+ Ke7 62. Qg5+ Kd6 63. c4 Qf7 64. Qd8+ Qd7 65. Qb8+ Qc7 66. Qg8
Ke7 67. Bd5 Kf6 68. Kc2 Qg7 69. Qd8+ Kf5 70. Be4+ Kg4 71. Qd1+ Kg5 72. b4 Qf7
73. Kb3 Bg7 74. Bf3 Qf5 75. Qg1+ Kf6 76. Qd4+ Qe5 1/2-1/2

[Event "Team men HL chess"]
[Site "?"]
[Date "2015.05.03"]
[Round "3.1"]
[White "Vdovin, Vadim"]
[Black "Anikonov, Dmitry"]
[Result "1/2-1/2"]
[WhiteElo "2375"]
[BlackElo "2320"]
[PlyCount "133"]
[EventDate "2015.05.01"]

1. e4 d6 2. d4 Nf6 3. Nc3 e5 4. Nf3 exd4 5. Nxd4 Be7 6. g3 d5 7. e5 Ng4 8. Bg2
Nxe5 9. Qe2 Nbc6 10. Nxc6 Nxc6 11. Nxd5 O-O 12. Nxe7+ Qxe7 13. Qxe7 Nxe7 14.
Bf4 c6 15. O-O-O Be6 16. Rhe1 Rfe8 17. b3 h6 18. c4 Rad8 19. h3 Nc8 20. g4
Rxd1+ 21. Rxd1 f6 22. Be3 Kf7 23. a4 Re7 24. a5 a6 25. Kc2 Rd7 26. Re1 Nd6 27.
f4 f5 28. Bf3 g6 29. Rd1 Ne8 30. Rxd7+ Bxd7 31. Kd3 Ke6 32. Ba7 Ke7 33. g5 hxg5
34. fxg5 Ng7 35. Bc5+ Kd8 36. h4 Ne6 37. Bd6 Be8 38. b4 Kd7 39. Be5 Kc8 40. Ke3
Bf7 41. Be2 Kd7 42. Bd3 Nf8 43. Bg7 Ne6 44. Bf6 Kd6 45. Bc2 Nc7 46. Bd3 Ne6 47.
Bc3 Be8 48. Be1 Ke5 49. Bc3+ Kd6 50. Bf6 Bf7 51. Bc3 Be8 52. Bb2 Bf7 53. Be2
Be8 54. Bd1 Bf7 55. c5+ Kd7 56. Be5 Be8 57. Bc2 Bf7 58. Bf4 Ng7 59. Kd4 Bd5 60.
Ke5 Ke7 61. Bd1 Bf7 62. Be2 Bb3 63. Be3 Ba2 64. Bf3 Bb3 65. h5 Nxh5 66. b5 Ba4
67. Bxh5 1/2-1/2

[Event "Team men HL chess"]
[Site "?"]
[Date "2015.05.03"]
[Round "3.2"]
[White "Paravyan, David"]
[Black "Goganov, Aleksey"]
[Result "1/2-1/2"]
[WhiteElo "2453"]
[BlackElo "2612"]
[PlyCount "90"]
[EventDate "2015.05.01"]

1. e4 d6 2. d4 Nf6 3. Nc3 e5 4. Nf3 Nbd7 5. Bc4 Be7 6. O-O O-O 7. Re1 c6 8. a4
a5 9. Ba2 exd4 10. Nxd4 Nc5 11. Bf4 Qb6 12. Qd2 Re8 13. h3 Bd7 14. e5 dxe5 15.
Bxe5 h6 16. Re3 Nh7 17. Rae1 Bg5 18. f4 Bh4 19. Rf1 Rad8 20. Qe2 Bf6 21. Kh2
Qb4 22. Qh5 Bxe5 23. Bxf7+ Kh8 24. Rxe5 Nf6 25. Qf3 Qxd4 26. Rd1 Qb4 27. Bxe8
Rxe8 28. Qe3 Ne6 29. f5 Nf8 30. Rxe8 Bxe8 31. Rd8 Bf7 32. Qe5 Kh7 33. Qb8 N6d7
34. Qc7 Qxb2 35. Rxd7 Nxd7 36. Qxd7 Qxc3 37. Qxf7 Qe5+ 38. Kh1 Qa1+ 39. Kh2
Qe5+ 40. Kh1 b5 41. Qg6+ Kg8 42. Qxc6 bxa4 43. Qxa4 Qxf5 44. c4 Kf7 45. Qc6
Qf1+ 1/2-1/2

[Event "Team men HL chess"]
[Site "?"]
[Date "2015.05.03"]
[Round "3.2"]
[White "Yudin, Sergei"]
[Black "Vavulin, Maksim"]
[Result "1/2-1/2"]
[WhiteElo "2520"]
[BlackElo "2442"]
[PlyCount "76"]
[EventDate "2015.05.01"]

1. e4 e5 2. Nf3 Nc6 3. Bb5 a6 4. Ba4 Nge7 5. c3 g6 6. d4 exd4 7. cxd4 b5 8. Bc2
Bg7 9. d5 Na5 10. Bd2 c5 11. Bc3 f6 12. b3 d6 13. O-O O-O 14. Nbd2 Bd7 15. a4
Nb7 16. Ra2 Qc7 17. Qa1 Rae8 18. Re1 Nc8 19. axb5 axb5 20. Ra8 Nb6 21. Rxe8
Bxe8 22. Bd3 Bd7 23. Rc1 Ra8 24. Qb1 Qd8 25. h4 Qe7 26. Nf1 Bh6 27. Re1 b4 28.
Bd2 Bxd2 29. N1xd2 Ra3 30. Qb2 Na4 31. Qc1 Na5 32. Bc2 Nc3 33. Re3 Nb5 34. Qb2
Bg4 35. Nh2 Bc8 36. Nhf3 Bg4 37. Nh2 Bc8 38. Nhf3 Bg4 1/2-1/2

[Event "Team men HL chess"]
[Site "?"]
[Date "2015.05.03"]
[Round "3.2"]
[White "Savenkov, Konstantin"]
[Black "Pogromsky, Mikhail"]
[Result "1-0"]
[WhiteElo "2332"]
[BlackElo "2428"]
[PlyCount "99"]
[EventDate "2015.05.01"]

1. e4 Nf6 2. e5 Nd5 3. c4 Nb6 4. d4 d6 5. exd6 exd6 6. Nc3 Be7 7. Bd3 Nc6 8.
Nge2 Bg4 9. Be3 Bf6 10. f3 Bh5 11. b3 Bg6 12. Ne4 d5 13. Nxf6+ Qxf6 14. c5 Nc8
15. Bb5 N8e7 16. Qd2 O-O 17. O-O a6 18. Ba4 b5 19. cxb6 cxb6 20. b4 b5 21. Bb3
a5 22. Bg5 Qd6 23. bxa5 Nxa5 24. Bxe7 Qxe7 25. Bxd5 Nc4 26. Bxc4 bxc4 27. Nf4
Ra3 28. Rac1 Bd3 29. Rfe1 Qa7 30. Qe3 h6 31. d5 Qa5 32. Qd4 Rxa2 33. Red1 Rd2
34. d6 Rd8 35. Rxd2 Qxd2 36. Ra1 Qc2 37. h4 Rd7 38. Nh5 f6 39. Nf4 Kh7 40. h5
Bf5 41. Ra8 Rf7 42. d7 Rxd7 43. Ng6 Qd1+ 44. Kh2 Bxg6 45. hxg6+ Kxg6 46. Qe4+
f5 47. Qe6+ Kh7 48. Qxf5+ g6 49. Qe5 Rg7 50. Qb8 1-0

[Event "Team men HL chess"]
[Site "?"]
[Date "2015.05.03"]
[Round "3.2"]
[White "Krutko, Anatoly"]
[Black "Shuvalova, Polina"]
[Result "1-0"]
[WhiteElo "2397"]
[BlackElo "2212"]
[PlyCount "103"]
[EventDate "2015.05.01"]

1. g3 Nf6 2. Bg2 e5 3. c4 Bc5 4. Nc3 Nc6 5. e3 Qe7 6. Nge2 e4 7. O-O d6 8. Nd5
Nxd5 9. cxd5 Nb4 10. Nc3 f5 11. d4 exd3 12. a3 Na6 13. Qxd3 O-O 14. b4 Bb6 15.
Na4 Bd7 16. Nxb6 axb6 17. Bb2 Be8 18. Rac1 Bg6 19. Qd4 Rae8 20. Qf4 h6 21. Bf3
Qd7 22. Qd4 Qf7 23. Rc3 Re7 24. Rfc1 Kh7 25. Rc4 Nb8 26. Qd1 Na6 27. h4 h5 28.
Rf4 Qe8 29. Rcc4 Kg8 30. Qd4 Kh7 31. Kh2 Rff7 32. Qd1 Rf8 33. Qc1 Rff7 34. Bd4
Rf8 35. Qd1 Kh6 36. a4 Kh7 37. Qb3 Qd7 38. a5 bxa5 39. bxa5 Qc8 40. Rc1 Rff7
41. Qb5 Nb8 42. Rb1 c5 43. dxc6 Nxc6 44. Bd5 Rf8 45. Rc1 Be8 46. a6 Rc7 47.
axb7 Rxb7 48. Qc4 Qb8 49. Bxc6 Rc7 50. Qa6 Bd7 51. Rc3 Qb2 52. Bxd7 1-0

[Event "Team men HL chess"]
[Site "?"]
[Date "2015.05.03"]
[Round "3.3"]
[White "Chigaev, Maksim"]
[Black "Iljiushenok, Ilia"]
[Result "1-0"]
[WhiteElo "2497"]
[BlackElo "2485"]
[PlyCount "53"]
[EventDate "2015.05.01"]

1. e4 e6 2. d4 d5 3. Nc3 Nf6 4. e5 Nfd7 5. f4 c5 6. Nf3 Nc6 7. Be3 cxd4 8. Nxd4
Qb6 9. Qd2 Qxb2 10. Rb1 Qa3 11. Ncb5 Qxa2 12. Rd1 Kd8 13. Nd6 Bxd6 14. exd6
Nxd4 15. Qxd4 Qa5+ 16. Bd2 Qc5 17. Qxg7 Rf8 18. Rb1 Qxd6 19. Bb5 Nc5 20. O-O
Bd7 21. Bc3 Ne4 22. Bxd7 Kxd7 23. Rxb7+ Kc6 24. Bb4 Nc5 25. Qc3 a5 26. Rb1 d4
27. Rb6+ 1-0

[Event "Team men HL chess"]
[Site "?"]
[Date "2015.05.03"]
[Round "3.3"]
[White "Nozdrachev, Vladislav"]
[Black "Levin, Evgeny A"]
[Result "1-0"]
[WhiteElo "2476"]
[BlackElo "2529"]
[PlyCount "151"]
[EventDate "2015.05.01"]

1. e4 e6 2. d4 d5 3. e5 c5 4. c3 Nc6 5. Nf3 Bd7 6. Be2 Rc8 7. O-O Nge7 8. dxc5
Ng6 9. b4 Be7 10. Be3 Ngxe5 11. Nxe5 Nxe5 12. f4 Nc6 13. Nd2 Bf6 14. Rc1 O-O
15. Nf3 a5 16. b5 Ne7 17. g4 Qc7 18. a4 Ng6 19. Ne1 e5 20. f5 Nf4 21. Nd3 Nxd3
22. Qxd3 Rfd8 23. c6 e4 24. Qxd5 bxc6 25. Qc5 Qb7 26. b6 Be8 27. Qxa5 Ra8 28.
Qb4 c5 29. Qxc5 Rdc8 30. Qb4 Rxa4 31. Qb3 Rca8 32. Bc4 Ra3 33. Qb2 h6 34. Rfd1
R3a5 35. Qf2 Rc8 36. Bf1 Ra3 37. c4 Bg5 38. Bxg5 hxg5 39. Qb2 Rca8 40. c5 Ra2
41. Qe5 e3 42. Qxe3 Bb5 43. Rd2 Rxd2 44. Qxd2 Ra4 45. Bg2 Bc6 46. h3 Ra3 47.
Bf1 Qb8 48. Rc3 Ra1 49. Rd3 Qe5 50. Qc3 Rxf1+ 51. Kxf1 Qe4 52. Re3 Qg2+ 53. Ke1
Qg1+ 54. Kd2 Ba4 55. Qc1 Qh2+ 56. Kc3 Kh7 57. f6 g6 58. Re7 Qa2 59. b7 Qb3+ 60.
Kd4 Bc6 61. Rxf7+ Kh6 62. Re7 Qd5+ 63. Ke3 Qf3+ 64. Kd2 Qf4+ 65. Re3 Qf2+ 66.
Kd3 Bxb7 67. Qa1 Bc6 68. Qd4 Qf1+ 69. Kd2 Qf2+ 70. Kc3 Qa2 71. Qd6 Qa5+ 72. Kb2
Qb5+ 73. Kc1 Qc4+ 74. Kd1 Qa4+ 75. Ke1 Qb4+ 76. Kf2 1-0

[Event "Team men HL chess"]
[Site "?"]
[Date "2015.05.03"]
[Round "3.3"]
[White "Usmanov, Vasily"]
[Black "Chernobay, Artem"]
[Result "1-0"]
[WhiteElo "2460"]
[BlackElo "2511"]
[PlyCount "55"]
[EventDate "2015.05.01"]

1. d4 Nf6 2. c4 g6 3. Nc3 Bg7 4. Nf3 O-O 5. Bf4 d6 6. e3 Nfd7 7. h3 e5 8. Bh2
Nc6 9. Be2 f5 10. O-O exd4 11. exd4 g5 12. d5 Nce5 13. Nd4 Nb6 14. b3 f4 15.
Rc1 Qf6 16. Re1 c5 17. Ne4 Qe7 18. Nb5 Rd8 19. b4 Bf5 20. Nexd6 Rxd6 21. bxc5
Rdd8 22. cxb6 axb6 23. Qb3 Qc5 24. Kf1 f3 25. Bxe5 fxg2+ 26. Kxg2 Bxe5 27. Bg4
Rf8 28. Rxe5 1-0

[Event "Team men HL chess"]
[Site "?"]
[Date "2015.05.03"]
[Round "3.3"]
[White "Prizant, Jaroslav"]
[Black "Palchun, Grigory"]
[Result "1/2-1/2"]
[WhiteElo "2511"]
[BlackElo "2299"]
[PlyCount "116"]
[EventDate "2015.05.01"]

1. d4 Nf6 2. Nf3 e6 3. e3 c5 4. c4 d5 5. Nc3 Nc6 6. a3 a6 7. dxc5 Bxc5 8. b4
Be7 9. cxd5 exd5 10. Bb2 O-O 11. Be2 Be6 12. O-O Ne4 13. Rc1 Bf6 14. Qc2 Bf5
15. Qb3 Be6 16. Qc2 Bf5 17. Qb3 Be6 18. Na4 Rc8 19. Rfd1 Qe7 20. Bxf6 Qxf6 21.
Qb2 Qxb2 22. Nxb2 Ne7 23. Na4 b5 24. Nc5 Nxc5 25. bxc5 Rc7 26. Nd4 Rfc8 27. a4
Rxc5 28. Rxc5 Rxc5 29. axb5 axb5 30. Nxb5 g6 31. Nd4 Kg7 32. g4 h6 33. Rb1 Kf6
34. Rb6 Nc8 35. Ra6 Ke7 36. Nc6+ Kf6 37. Nd4 Ke7 38. Nc6+ Kf6 39. Nb4 Ne7 40.
Kg2 Rc3 41. h3 Kg7 42. Ra7 Kf6 43. Ra6 Kg7 44. Rd6 Nc8 45. Rd8 Ne7 46. Bf3 Rc5
47. Kg3 Kf6 48. Rd6 h5 49. Nd3 Ra5 50. Nf4 hxg4 51. hxg4 Ke5 52. Rb6 g5 53.
Nd3+ Kf6 54. Nb4 Rc5 55. Rb7 Rc4 56. Rb6 Rc5 57. Be2 Rc3 58. Bf3 Rc5 1/2-1/2

[Event "Team men HL chess"]
[Site "?"]
[Date "2015.05.03"]
[Round "3.4"]
[White "Demidov, Mikhail"]
[Black "Bryzgalin, Kirill"]
[Result "1/2-1/2"]
[WhiteElo "2513"]
[BlackElo "2450"]
[PlyCount "76"]
[EventDate "2015.05.01"]

1. Nf3 d5 2. g3 c6 3. Bg2 g6 4. c4 Bg7 5. cxd5 cxd5 6. O-O Nc6 7. d3 Nf6 8. Bg5
O-O 9. Nc3 h6 10. Bxf6 Bxf6 11. Qb3 e6 12. Rac1 Qb6 13. Qxb6 axb6 14. a3 Rd8
15. Nd2 Bd7 16. Rfd1 Be8 17. e3 d4 18. Nce4 Be7 19. exd4 Nxd4 20. Nc3 Bc6 21.
Nc4 b5 22. Ne5 Kg7 23. Nxc6 bxc6 24. Kf1 Rab8 25. Ne2 Bf6 26. Nxd4 Bxd4 27. Rc2
c5 28. b3 Rd6 29. Ra2 Ra6 30. Rc1 Rbb6 31. a4 Ra5 32. Rcc2 Rba6 33. Bb7 Rb6 34.
Bg2 Rba6 35. Bb7 Rb6 36. Bg2 Rba6 37. Bb7 Rb6 38. Bg2 Rba6 1/2-1/2

[Event "Team men HL chess"]
[Site "?"]
[Date "2015.05.03"]
[Round "3.4"]
[White "Lugovskoy, Maxim"]
[Black "Chekhov, Sergei"]
[Result "1/2-1/2"]
[WhiteElo "2435"]
[BlackElo "2480"]
[PlyCount "178"]
[EventDate "2015.05.01"]

1. e4 c5 2. Nf3 e6 3. d4 cxd4 4. Nxd4 a6 5. c4 Nf6 6. Nc3 Qa5 7. Qd3 Nc6 8.
Nxc6 dxc6 9. Be2 e5 10. O-O Be7 11. a3 O-O 12. Be3 Ng4 13. b4 Qc7 14. Bd2 Rd8
15. Qc2 a5 16. Na4 axb4 17. axb4 Qd6 18. Rad1 Qc7 19. Ra1 Qd6 20. Bc3 Qg6 21.
Rad1 Rxd1 22. Rxd1 Qg5 23. h3 Nf6 24. h4 Qxh4 25. Bxe5 Be6 26. Bf3 Bxb4 27. Qb2
Bf8 28. Nc3 Qg5 29. Bg3 h5 30. Qxb7 Ra3 31. Ne2 Rxf3 32. gxf3 h4 33. Rd8 hxg3
34. Nxg3 Qc5 35. Qb8 Nd7 36. Qc7 Qxc4 37. Rxd7 Bxd7 38. Qxd7 g6 39. Kg2 c5 40.
f4 Qa6 41. f5 Qd6 42. Qc8 Kg7 43. fxg6 fxg6 44. Qg4 Kf7 45. Qc8 Qe6 46. Qb7+
Qe7 47. Qb5 Qe5 48. Qc4+ Qe6 49. Qe2 Bd6 50. Nf1 Bf4 51. Qf3 Qf6 52. Qb3+ Qe6
53. Qb7+ Kf6 54. Ng3 Bxg3 55. Kxg3 g5 56. Qh7 Qe5+ 57. Kg2 Qf4 58. Qh8+ Ke6 59.
Qe8+ Kf6 60. f3 Qe5 61. Qc6+ Ke7 62. Qb7+ Kf6 63. Qa8 Ke7 64. Kf1 Kd6 65. Qa6+
Ke7 66. Qb7+ Ke6 67. Ke2 Qh2+ 68. Kd3 Qd6+ 69. Kc2 Ke5 70. Qh7 Qf6 71. Qh2+ Qf4
72. Qh8+ Qf6 73. Qb8+ Qd6 74. Qh8+ Qf6 75. Qh2+ Qf4 76. Qf2 Kd6 77. Qe2 Ke7 78.
Qd3 g4 79. fxg4 Qxg4 80. Qd5 Qe2+ 81. Kc3 Qe3+ 82. Kc4 Qd4+ 83. Qxd4 cxd4 84.
Kxd4 Kd6 85. e5+ Ke6 86. Ke4 Ke7 87. Kd5 Kd7 88. e6+ Ke7 89. Ke5 Ke8 1/2-1/2

[Event "Team men HL chess"]
[Site "?"]
[Date "2015.05.03"]
[Round "3.4"]
[White "Vastrukhin, Oleg"]
[Black "Oganian, Miran"]
[Result "1/2-1/2"]
[WhiteElo "2386"]
[BlackElo "2375"]
[PlyCount "89"]
[EventDate "2015.05.01"]

1. c4 Nf6 2. Nf3 e6 3. g3 d5 4. cxd5 exd5 5. Bg2 c5 6. d4 Nc6 7. O-O Be7 8.
dxc5 Bxc5 9. a3 Ne4 10. b4 Be7 11. Bb2 Bf6 12. Bxf6 Qxf6 13. Nbd2 Nc3 14. Qb3
Nxe2+ 15. Kh1 Be6 16. Rae1 Nc3 17. Re3 Ne4 18. Nxe4 dxe4 19. Rxe4 O-O 20. Qe3
Bd5 21. Rf4 Qb2 22. Qc1 Qb3 23. Qd1 Rad8 24. Qxb3 Bxb3 25. h4 h6 26. Rc1 a6 27.
Rc3 Rd1+ 28. Kh2 Be6 29. Re3 Bd5 30. Ne5 Nxe5 31. Rxe5 Bxg2 32. Kxg2 Rd7 33.
Rc4 f6 34. Rec5 Kf7 35. h5 Re8 36. a4 Re2 37. Rc7 Ke7 38. Rxd7+ Kxd7 39. Rg4
Re7 40. Kf3 Kd6 41. Rd4+ Kc6 42. Re4 Rd7 43. Re6+ Kd5 44. Rb6 Ke5 45. a5
1/2-1/2

[Event "Team men HL chess"]
[Site "?"]
[Date "2015.05.03"]
[Round "3.4"]
[White "Zakaryan, David"]
[Black "Denishev, Marat"]
[Result "0-1"]
[WhiteElo "2281"]
[BlackElo "2283"]
[PlyCount "94"]
[EventDate "2015.05.01"]

1. e4 c6 2. d4 d5 3. Nd2 dxe4 4. Nxe4 Nf6 5. Nxf6+ exf6 6. c3 Bd6 7. Bd3 O-O 8.
Qc2 h6 9. Ne2 Nd7 10. O-O Qc7 11. g3 c5 12. Bf4 cxd4 13. cxd4 Bxf4 14. Nxf4
Qxc2 15. Bxc2 Nb6 16. Rfe1 Bd7 17. Bb3 Rfe8 18. f3 Ba4 19. Bxa4 Nxa4 20. b3 Nc3
21. Kf2 b5 22. a3 a5 23. Re3 b4 24. a4 Red8 25. Rd3 Rac8 26. Ng2 Nd5 27. Ra2
Rc1 28. Rad2 Rb1 29. Ne3 Nc3 30. d5 Rxb3 31. Nc4 Rb1 32. d6 Nxa4 33. Nxa5 Nc5
34. Rd5 Nd7 35. Rb5 Ra8 36. Rb7 Nc5 37. Rc7 Ne6 38. Re7 b3 39. Nc4 Rc1 40. Na5
Rxa5 41. d7 Ra2 42. Ke3 Rxd2 43. Kxd2 b2 44. Rxe6 Rd1+ 45. Kxd1 b1=Q+ 46. Kd2
Qa2+ 47. Kc3 Qa5+ 0-1

[Event "Team men HL chess"]
[Site "?"]
[Date "2015.05.03"]
[Round "3.5"]
[White "Golubov, Saveliy"]
[Black "Airapetian, Gor"]
[Result "1-0"]
[WhiteElo "2370"]
[BlackElo "2439"]
[PlyCount "101"]
[EventDate "2015.05.01"]

1. e4 c6 2. d4 d5 3. e5 Bf5 4. Nd2 e6 5. Nb3 Nd7 6. Nf3 Bg6 7. Be2 Nh6 8. O-O
Rc8 9. Ne1 c5 10. dxc5 a6 11. Nd3 Nxc5 12. Nbxc5 Bxc5 13. Nxc5 Rxc5 14. c3 Nf5
15. Qa4+ Qd7 16. Qa3 Qc7 17. g4 Ne7 18. Be3 Rc6 19. Bd4 h5 20. f3 hxg4 21. fxg4
f6 22. Rf2 fxe5 23. Be3 Qd6 24. Qb3 d4 25. Bg5 Rb6 26. Qa4+ Nc6 27. Bc4 e4 28.
cxd4 Rh3 29. Bf4 Qe7 30. a3 e3 31. Re2 Kf7 32. Bxe3 Rxb2 33. Rxb2 Rxe3 34. Bxa6
bxa6 35. Qxc6 Be4 36. Qc5 Qh4 37. Qh5+ Qxh5 38. gxh5 Bd5 39. Rb6 Bc4 40. a4 Re4
41. Rc1 Bd3 42. Kf2 Re2+ 43. Kg3 Re3+ 44. Kf4 Re4+ 45. Kg5 Be2 46. h3 Re3 47.
Rc7+ Kg8 48. h6 gxh6+ 49. Kxh6 Rxh3+ 50. Kg5 Rh5+ 51. Kg6 1-0

[Event "Team men HL chess"]
[Site "?"]
[Date "2015.05.03"]
[Round "3.5"]
[White "Sadovsky, Artem"]
[Black "Ivanov, Alexander Al"]
[Result "1-0"]
[WhiteElo "2381"]
[BlackElo "2420"]
[PlyCount "95"]
[EventDate "2015.05.01"]

1. e4 d6 2. d4 Nf6 3. Nc3 e5 4. Nf3 Nc6 5. Bb5 Bd7 6. O-O Be7 7. Bxc6 Bxc6 8.
Qd3 exd4 9. Nxd4 Bd7 10. Bg5 h6 11. Bh4 O-O 12. Rad1 a6 13. Rfe1 Re8 14. h3 b5
15. a3 c5 16. Nf5 Bxf5 17. exf5 Ra7 18. Ne4 Kf8 19. Nxf6 Bxf6 20. Rxe8+ Kxe8
21. Bxf6 Qxf6 22. Qxd6 Qxd6 23. Rxd6 Ke7 24. Rc6 c4 25. f6+ gxf6 26. Kf1 Rd7
27. Ke2 Rd6 28. Rxd6 Kxd6 29. Kf3 f5 30. Kf4 Ke6 31. h4 a5 32. c3 Kf6 33. h5
Ke6 34. f3 Kf6 35. g4 fxg4 36. fxg4 Kg7 37. Kf5 Kg8 38. Kf6 Kf8 39. g5 hxg5 40.
h6 Kg8 41. Kxg5 Kh7 42. Kf6 Kxh6 43. Kxf7 Kg5 44. Ke6 Kf4 45. Kd5 Ke3 46. Kc5
Kd3 47. Kxb5 Kc2 48. Kxa5 1-0